NLSUI OPAC header image

National Consultation Meet on the Juvenile Justice System and the Rights of the Child: Coordinating Child Rehabilation through NGOs / Remand Homes / Juvenile Welfare Boards - Concepts and Concerns (Record no. 34383)

MARC details
000 -LEADER
fixed length control field 00624nam a2200157Ia 4500
008 - FIXED-LENGTH DATA ELEMENTS--GENERAL INFORMATION
fixed length control field 160316s1999 xxu||||| |||| 00| 0 eng d
082 ## - DEWEY DECIMAL CLASSIFICATION NUMBER
Classification number 364.360000
Item number JOS
100 ## - MAIN ENTRY--PERSONAL NAME
Personal name Joshi Lata
245 ## - TITLE STATEMENT
Title National Consultation Meet on the Juvenile Justice System and the Rights of the Child: Coordinating Child Rehabilation through NGOs / Remand Homes / Juvenile Welfare Boards - Concepts and Concerns
250 ## - EDITION STATEMENT
Edition statement
260 ## - PUBLICATION, DISTRIBUTION, ETC.
Place of publication, distribution, etc. New Delhi
Name of publisher, distributor, etc. National Institute of Public Cooperation and Child
Date of publication, distribution, etc. 1999
300 ## - PHYSICAL DESCRIPTION
Extent 6
Other physical details
Dimensions
365 ## - TRADE PRICE
Price amount
650 ## - SUBJECT ADDED ENTRY--TOPICAL TERM
Topical term or geographic name entry element 1. Rights of the Child<br/>2. Child Rehabilation <br/>3. Juvenile Welfare<br/>
700 ## - ADDED ENTRY--PERSONAL NAME
Personal name
--
Holdings
Withdrawn status Lost status Damaged status Not for loan Home library Current library Shelving location Date acquired Total Checkouts Full call number Barcode Date last seen Price effective from Koha item type
        . .   30.05.2017   364.36 JOS REP11095 30.05.2017 30.05.2017 Repository